[Event "Caldense-ch"]
[Site "Manizales"]
[Date "2017.10.28"]
[Round "6"]
[White "Palomino, Dario"]
[Black "Lopez Ramirez, Jorge Hernan"]
[Result "1-0"]
[WhiteElo "1891"]
[BlackElo "1953"]
[PlyCount "61"]
[EventDate "2017.10.26"]
[EventType "swiss"]
[EventRounds "8"]
[EventCountry "COL"]
[SourceTitle "CBM 181 Extra"]
[Source "ChessBase"]
[SourceDate "2017.12.12"]
[SourceVersion "1"]
[SourceVersionDate "2017.12.12"]
[SourceQuality "1"]

1. f4 e5 2. e4 Bc5 3. Nf3 d6 4. d3 Nc6 5. c3 Nf6 6. b4 Bb6 7. b5 Nb8 8. fxe5 Ng4 9. d4 dxe5 10. h3 Nf6 11. Nxe5 Nxe4 12. h4 0-0 13. Qf3 Nxc3 14. Nxc3 Bxd4 15. Nc4 Bg4 16. Qd3 a6 17. Be3 Bxc3+ 18. Qxc3 axb5 19. Ne5 Qf6 20. Rc1 Be6 21. Bg5 b4 22. Qxc7 Qf5 23. Bd3 Rc8 24. Bxf5 Rxc7 25. Rxc7 Bxf5 26. Rxf7 Be6 27. Rxb7 Na6 28. 0-0 h6 29. Bc1 Bc4 30. Rf4 Be6 31. Nc6 1-0

[Event "Manizales op 26th"]
[Site "Manizales"]
[Date "2017.01.08"]
[Round "8"]
[White "Bravo, Juan Eduardo"]
[Black "Palomino, Dario"]
[Result "1/2-1/2"]
[WhiteElo "1705"]
[BlackElo "1894"]
[PlyCount "33"]
[EventDate "2017.01.04"]
[EventType "swiss"]
[EventRounds "9"]
[EventCountry "COL"]
[SourceTitle "CBM 176 Extra"]
[Source "ChessBase"]
[SourceDate "2017.03.02"]
[SourceVersion "1"]
[SourceVersionDate "2017.03.02"]
[SourceQuality "1"]

1. e4 e5 2. Nf3 Nc6 3. Bb5 a6 4. Ba4 Nf6 5. 0-0 Be7 6. Re1 b5 7. Bb3 0-0 8. c3 d6 9. h3 Nb8 10. d4 Nbd7 11. Nbd2 c5 12. d5 c4 13. Bc2 Nc5 14. Nf1 Bd7 15. Be3 Qc7 16. Ng3 Rac8 17. Qd2 1/2-1/2

[Event "Manizales op 26th"]
[Site "Manizales"]
[Date "2017.01.04"]
[Round "1"]
[White "Valencia Jimenez, Alejandro"]
[Black "Palomino, Dario"]
[Result "0-1"]
[WhiteElo "1478"]
[BlackElo "1894"]
[PlyCount "40"]
[EventDate "2017.01.04"]
[EventType "swiss"]
[EventRounds "9"]
[EventCountry "COL"]
[SourceTitle "CBM 176 Extra"]
[Source "ChessBase"]
[SourceDate "2017.03.02"]
[SourceVersion "1"]
[SourceVersionDate "2017.03.02"]
[SourceQuality "1"]

1. e4 c5 2. d4 e6 3. Nf3 cxd4 4. c3 dxc3 5. Nxc3 a6 6. a3 Qc7 7. Be3 b5 8. Rc1 Nc6 9. Nd4 Bb7 10. Be2 d6 11. Na2 Qd7 12. 0-0 Be7 13. Nc3 Nf6 14. Bf3 Ne5 15. Be2 0-0 16. f4 Nc4 17. Qd3 Nxb2 18. Qc2 Nc4 19. Ra1 Nxe3 20. Qd3 Nxf1 0-1

[Event "Manizales Castro Memorial"]
[Site "Manizales"]
[Date "2015.12.17"]
[Round "1"]
[White "Palomino, Dario"]
[Black "Otalvaro, Daniel"]
[Result "1-0"]
[WhiteElo "1907"]
[BlackElo "1590"]
[PlyCount "67"]
[EventDate "2015.12.17"]
[EventType "swiss"]
[EventRounds "7"]
[EventCountry "COL"]
[SourceTitle "CBM 170 Extra"]
[Source "ChessBase"]
[SourceDate "2016.02.25"]
[SourceVersion "1"]
[SourceVersionDate "2016.02.25"]
[SourceQuality "1"]

1. e4 e6 2. d3 d5 3. Nd2 Nf6 4. Ngf3 c5 5. g3 Nc6 6. Bg2 Be7 7. 0-0 0-0 8. Re1 b5 9. e5 Nd7 10. Nf1 f6 11. exf6 Nxf6 12. Bf4 Bd6 13. Bxd6 Qxd6 14. c3 Rb8 15. Qd2 d4 16. cxd4 Nxd4 17. Ne5 Bb7 18. f4 Nd7 19. Bxb7 Rxb7 20. Qg2 Qd5 21. Re4 Nf6 22. Ne3 Qd8 23. Rxd4 Qxd4 24. Qxb7 Qxe3+ 25. Kh1 h5 26. Qe7 Re8 27. Qf7+ Kh7 28. Rf1 Qe2 29. Kg1 Rd8 30. Qxe6 Ng4 31. Qf5+ Kg8 32. Qf7+ Kh7 33. Qxh5+ Kg8 34. Qxg4 1-0

[Event "Villamaria Nacional U2200"]
[Site "Villamaria"]
[Date "2015.12.04"]
[Round "1.9"]
[White "Palomino, Dario"]
[Black "Coca Cubillos, Jesus Alberto"]
[Result "0-1"]
[WhiteElo "1907"]
[BlackElo "1865"]
[PlyCount "72"]
[EventDate "2015.12.04"]
[EventType "swiss"]
[EventRounds "7"]
[EventCountry "COL"]
[SourceTitle "EXT 2024"]
[Source "ChessBase"]
[SourceDate "2023.10.10"]
[SourceVersion "1"]
[SourceVersionDate "2023.10.10"]
[SourceQuality "1"]

1. e4 e5 2. Nf3 Nf6 3. Nxe5 d6 4. Nf3 Nxe4 5. d4 d5 6. Bd3 Nf6 7. 0-0 Be7 8. Re1 h6 9. h3 0-0 10. Bf4 Nbd7 11. Qd2 Re8 12. Nc3 c6 13. Ne5 Nf8 14. Bxh6 gxh6 15. Qxh6 N6h7 16. Bxh7+ Nxh7 17. Nxf7 Kxf7 18. Qxh7+ Kf8 19. Re3 Bf6 20. Rg3 Be6 21. Re1 Qd7 22. Qh6+ Bg7 23. Qg6 Kg8 24. Ree3 Bf5 25. Qg5 Bxc2 26. Ne2 Rxe3 27. fxe3 Rf8 28. Nf4 Rf5 29. Qh4 Qe8 30. Qg4 Qe7 31. h4 Rf7 32. h5 Bf5 33. Qf3 Kh7 34. Qd1 Bh6 35. Ng6 Bxe3+ 36. Kh1 Qe4 0-1

[Event "Risarald op"]
[Site "Risarald"]
[Date "2015.06.14"]
[Round "4"]
[White "Palomino, Dario"]
[Black "Buitrago, Juan Carlos"]
[Result "1/2-1/2"]
[WhiteElo "1890"]
[BlackElo "2074"]
[PlyCount "42"]
[EventDate "2015.06.12"]
[EventType "swiss"]
[EventRounds "7"]
[EventCountry "COL"]
[SourceTitle "CBM 167 Extra"]
[Source "ChessBase"]
[SourceDate "2015.09.14"]
[SourceVersion "1"]
[SourceVersionDate "2015.09.14"]
[SourceQuality "1"]

1. Nf3 b6 2. g3 Bb7 3. Bg2 Nf6 4. 0-0 g6 5. d3 Bg7 6. e4 d6 7. Nbd2 0-0 8. Re1 e5 9. Nf1 Nc6 10. h3 Nd7 11. Bg5 f6 12. Be3 Nc5 13. Qd2 Ne6 14. c3 a5 15. N1h2 f5 16. Ng5 Nxg5 17. Bxg5 Bf6 18. Bh6 Bg7 19. Bg5 Bf6 20. Bh6 Bg7 21. Bg5 Bf6 1/2-1/2

[Event "Cartago op"]
[Site "Cartago"]
[Date "2010.11.01"]
[Round "6"]
[White "Palomino, Dario"]
[Black "Garces Trujillo, Luis Javier"]
[Result "0-1"]
[WhiteElo "1875"]
[BlackElo "2050"]
[PlyCount "50"]
[EventDate "2010.10.30"]
[EventType "swiss"]
[EventRounds "7"]
[EventCountry "COL"]
[SourceTitle "EXT 2011"]
[Source "ChessBase"]
[SourceDate "2010.11.26"]
[SourceVersion "1"]
[SourceVersionDate "2010.11.26"]
[SourceQuality "1"]

1. e4 c5 2. Nc3 Nc6 3. f4 g6 4. Nf3 Bg7 5. Bc4 e6 6. e5 d6 7. exd6 Qxd6 8. d3 Nge7 9. Bd2 0-0 10. Ne4 Qc7 11. 0-0 Bxb2 12. c3 Bxa1 13. Qxa1 f6 14. Nxc5 Nd5 15. Qe1 Qf7 16. Ne4 a6 17. a3 Qc7 18. Qh4 Nce7 19. Bxd5 Qb6+ 20. Kh1 exd5 21. Neg5 fxg5 22. Nxg5 h5 23. Nf3 Qf6 24. Qf2 Bf5 25. d4 Nc6 0-1

[Event "Manizales op 22nd"]
[Site "Manizales"]
[Date "2010.01.09"]
[Round "5"]
[White "Palomino, Dario"]
[Black "Molina, Gildardo"]
[Result "1-0"]
[WhiteElo "1842"]
[BlackElo "2113"]
[PlyCount "26"]
[EventDate "2010.01.07"]
[EventType "swiss"]
[EventRounds "5"]
[EventCountry "COL"]
[SourceTitle "CBM 134 Extra"]
[Source "ChessBase"]
[SourceDate "2010.03.03"]
[SourceVersion "1"]
[SourceVersionDate "2010.03.03"]
[SourceQuality "1"]

1. e4 e5 2. Nf3 Nc6 3. Bb5 a6 4. Bxc6 dxc6 5. Nc3 f6 6. d4 exd4 7. Qxd4 Qxd4 8. Nxd4 Bd7 9. Be3 0-0-0 10. 0-0-0 Re8 11. Rhe1 Bb4 12. Nde2 Ne7 13. a3 Bd6 1-0

[Event "Eje Cafetero Region 3rd"]
[Site "Eje Cafetero"]
[Date "2009.03.23"]
[Round "6.16"]
[White "Palomino, Dario"]
[Black "Henao, Cristobal"]
[Result "0-1"]
[WhiteElo "1827"]
[BlackElo "1662"]
[PlyCount "66"]
[EventDate "2009.03.21"]
[EventType "swiss"]
[EventRounds "7"]
[EventCountry "COL"]
[SourceTitle "EXT 2024"]
[Source "ChessBase"]
[SourceDate "2023.10.10"]
[SourceVersion "1"]
[SourceVersionDate "2023.10.10"]
[SourceQuality "1"]

1. e4 e5 2. Nf3 Nf6 3. Nxe5 d6 4. Nf3 Nxe4 5. d3 Nf6 6. d4 d5 7. Bd3 Be7 8. h3 0-0 9. Be3 Re8 10. Nbd2 c5 11. c3 c4 12. Bc2 Bd6 13. 0-0 h6 14. Re1 Nc6 15. b3 b5 16. a4 cxb3 17. Bxb3 bxa4 18. Bxa4 Bd7 19. Bxc6 Bxc6 20. Ne5 Bd7 21. Ndf3 Qc7 22. Qc1 Ne4 23. Bxh6 gxh6 24. Qxh6 Bf5 25. Qh5 Bh7 26. Ng5 f6 27. Nxe4 Bxe4 28. f3 Qg7 29. Ng4 Qg6 30. Qh4 Bxf3 31. Rxe8+ Rxe8 32. Nxf6+ Kf7 33. Ng4 Bxg4 0-1

[Event "Manizales op 21st"]
[Site "Manizales"]
[Date "2009.01.11"]
[Round "7"]
[White "Palomino, Dario"]
[Black "Restrepo Loaiza, Luis Fernando"]
[Result "1-0"]
[WhiteElo "1827"]
[BlackElo "2181"]
[PlyCount "51"]
[EventDate "2009.01.08"]
[EventType "swiss"]
[EventRounds "7"]
[EventCountry "COL"]
[SourceTitle "CBM 128 Extra"]
[Source "ChessBase"]
[SourceDate "2009.03.05"]
[SourceVersion "2"]
[SourceVersionDate "2009.03.25"]
[SourceQuality "1"]

1. e4 c5 2. Nc3 d6 3. g3 Nc6 4. Bg2 g6 5. d3 Bg7 6. Be3 e6 7. Qd2 Nd4 8. Nd1 e5 9. c3 Ne6 10. Ne2 Nf6 11. Bh6 Bxh6 12. Qxh6 Bd7 13. Qd2 Bc6 14. 0-0 d5 15. exd5 Bxd5 16. Ne3 Bxg2 17. Kxg2 h5 18. Rad1 Qd7 19. f3 0-0-0 20. Qc2 Kb8 21. Nc4 Qd5 22. Kg1 h4 23. Ne3 Qc6 24. Nc4 Qd5 25. Ne3 hxg3 26. Nxd5 1-0

[Event "Manizales op 21st"]
[Site "Manizales"]
[Date "2009.01.09"]
[Round "3"]
[White "Ruiz, Alciguel"]
[Black "Palomino, Dario"]
[Result "1-0"]
[WhiteElo "2140"]
[BlackElo "1827"]
[PlyCount "54"]
[EventDate "2009.01.08"]
[EventType "swiss"]
[EventRounds "7"]
[EventCountry "COL"]
[SourceTitle "CBM 128 Extra"]
[Source "ChessBase"]
[SourceDate "2009.03.05"]
[SourceVersion "2"]
[SourceVersionDate "2009.03.25"]
[SourceQuality "1"]

1. d4 Nf6 2. c4 e6 3. Nc3 d5 4. Bg5 Nbd7 5. e3 c6 6. Nf3 Qa5 7. Nd2 Bb4 8. Qc2 0-0 9. Be2 Ne4 10. Ndxe4 dxe4 11. Bh4 e5 12. 0-0 Bxc3 13. bxc3 exd4 14. cxd4 Re8 15. c5 Nf8 16. Rab1 Ng6 17. Bg3 Qd8 18. Bc4 Nh4 19. Qb3 Rf8 20. f3 Bf5 21. fxe4 Bxe4 22. Bxf7+ Kh8 23. Rb2 Nf5 24. Be5 Qg5 25. Rf4 Bd5 26. Bxd5 cxd5 27. Rbf2 Rfe8 1-0

[Event "Manizales op 20th"]
[Site "Manizales"]
[Date "2008.01.13"]
[Round "7"]
[White "Zuluaga, Nicolas"]
[Black "Palomino, Dario"]
[Result "1-0"]
[WhiteElo "1611"]
[BlackElo "1772"]
[PlyCount "46"]
[EventDate "2008.01.10"]
[EventType "swiss"]
[EventRounds "7"]
[EventCountry "COL"]
[SourceTitle "EXT 2010"]
[Source "ChessBase"]
[SourceDate "2010.11.25"]
[SourceVersion "1"]
[SourceVersionDate "2010.11.25"]
[SourceQuality "1"]

1. e4 c5 2. Nf3 Nc6 3. c3 d5 4. e5 e6 5. d4 Qb6 6. Be2 cxd4 7. cxd4 Nge7 8. Na3 Nf5 9. Nc2 Bb4+ 10. Kf1 h5 11. a3 Be7 12. h4 Bd7 13. b4 a6 14. Be3 Rc8 15. g3 f6 16. Kg2 fxe5 17. Nxe5 Nxe5 18. dxe5 Nxe3+ 19. fxe3 g6 20. Qd3 Kf7 21. Rhc1 Rhf8 22. Bd1 Bb5 23. Qd2 Kg7 1-0

[Event "Manizales op 20th"]
[Site "Manizales"]
[Date "2008.01.12"]
[Round "4"]
[White "Palomino, Dario"]
[Black "Valenzuela Gomez, Fernando Alberto"]
[Result "1-0"]
[WhiteElo "1772"]
[BlackElo "1615"]
[PlyCount "35"]
[EventDate "2008.01.10"]
[EventType "swiss"]
[EventRounds "7"]
[EventCountry "COL"]
[SourceTitle "EXT 2010"]
[Source "ChessBase"]
[SourceDate "2010.11.25"]
[SourceVersion "1"]
[SourceVersionDate "2010.11.25"]
[SourceQuality "1"]

1. e4 e5 2. Nf3 Nf6 3. Nxe5 d6 4. Nf3 Nxe4 5. d3 Nf6 6. d4 d5 7. Bd3 Be7 8. 0-0 0-0 9. h3 Nc6 10. c3 a6 11. Re1 b6 12. Nbd2 b5 13. Nf1 Na5 14. Ng3 c5 15. Ne5 c4 16. Bc2 Nb7 17. Nc6 Qd6 18. Nxe7+ 1-0

[Event "Manizales op 20th"]
[Site "Manizales"]
[Date "2008.01.11"]
[Round "2"]
[White "Palomino, Dario"]
[Black "Lopez Perdomo, Juan David"]
[Result "0-1"]
[WhiteElo "1772"]
[BlackElo "2145"]
[PlyCount "110"]
[EventDate "2008.01.10"]
[EventType "swiss"]
[EventRounds "7"]
[EventCountry "COL"]
[SourceTitle "EXT 2010"]
[Source "ChessBase"]
[SourceDate "2010.11.25"]
[SourceVersion "1"]
[SourceVersionDate "2010.11.25"]
[SourceQuality "1"]

1. e4 e6 2. d4 d5 3. e5 c5 4. dxc5 Bxc5 5. Nf3 Qb6 6. Qd2 Nc6 7. Bd3 Qc7 8. 0-0 Nxe5 9. Nxe5 Qxe5 10. Re1 Qc7 11. Qg5 Kf8 12. Nc3 a6 13. Bf4 Qd7 14. Rad1 Be7 15. Qg3 Nf6 16. Qf3 b5 17. Ne2 Bb7 18. Nd4 Re8 19. c3 h5 20. h3 Bc5 21. Be5 Qd8 22. Bc2 Nd7 23. Bg6 Nxe5 24. Rxe5 Qf6 25. Bxh5 Bd6 26. Ree1 Qxf3 27. Bxf3 g6 28. Nc2 Rc8 29. Ne3 Kg7 30. Ng4 Rc7 31. Ne5 Rh4 32. Nd3 Be7 33. Nc1 b4 34. Ne2 bxc3 35. bxc3 Ra4 36. Rd2 Bf6 37. Rb1 Bc6 38. Nd4 Bd7 39. Bd1 Rac4 40. Be2 Rxc3 41. Bxa6 Bxd4 42. Rxd4 Ra3 43. Bf1 Rxa2 44. Rdb4 Rac2 45. f3 e5 46. Rb8 Bf5 47. Ra1 d4 48. g4 Bc8 49. g5 Rc1 50. Rxc1 Rxc1 51. Kf2 Rc2+ 52. Kg3 Rc3 53. Rb4 Ba6 54. Rb1 Bxf1 55. Rxf1 e4 0-1